Konjunktúrne trendy v ekonomike krajín Latinskej Ameriky Príloha Hospodárskych novín

Posledné tendencie v ekonomickom vývoji v regióne Latinskej Ameriky. Pozvoľná konsolidácia rozpočtov, zmiernenie inflácie, pokles úrokových sadzieb, silný prílev zahraničného kapitálu.

Guardado en:
Detalles Bibliográficos
Autor principal: Oberhauser, Ján Artur
Formato: Capítulo de libro
Lenguaje:eslovaco
Materias:
Etiquetas: Agregar Etiqueta
Sin Etiquetas, Sea el primero en etiquetar este registro!

MARC

LEADER 00000naa a2200000 4500
001 r026028
005 20230824090302.8
041 0 |a slo 
044 |a SK 
245 1 0 |a Konjunktúrne trendy v ekonomike krajín Latinskej Ameriky  |b Príloha Hospodárskych novín  |c Ján Artur Oberhauser 
520 |a Posledné tendencie v ekonomickom vývoji v regióne Latinskej Ameriky. Pozvoľná konsolidácia rozpočtov, zmiernenie inflácie, pokles úrokových sadzieb, silný prílev zahraničného kapitálu. 
610 2 0 |a Latinská Amerika 
610 2 0 |a 1995-1998 
610 2 0 |a Čile 
610 2 0 |a Brazília 
610 2 0 |a Peru 
610 2 0 |a Venezuela 
610 2 0 |a Kolumbia 
610 2 0 |a Argentína 
610 2 0 |a Mexiko 
610 2 0 |a situácia hospodárska 
610 2 0 |a politika rozpočtová 
610 2 0 |a rast hospodársky 
100 1 |a Oberhauser, Ján Artur